书目信息 |
| 题名: |
紫外辐射对金属大气腐蚀过程的影响机理
|
|
| 作者: | 陈卓元 著 | |
| 分册: | ||
| 出版信息: | 北京 科学出版社 2017.3 |
|
| 页数: | 12,219页 | |
| 开本: | 24cm | |
| 丛书名: | 中国腐蚀状况及控制战略研究丛书 | |
| 单 册: | ||
| 中图分类: | TG172.3 | |
| 科图分类: | ||
| 主题词: | 紫外辐射--影响--大气腐蚀--研究 | |
| 电子资源: | ||
| ISBN: | 978-7-03-051998-6 | |
| 000 | 01131nam 2200265 450 | |
| 001 | 0400009218 | |
| 005 | 20171119113424.0 | |
| 010 | @a978-7-03-051998-6@dCNY88.00 | |
| 100 | @a20170524d2017 em y0chiy50 ea | |
| 101 | 0 | @achi |
| 102 | @aCN@b110000 | |
| 105 | @aa z 000yy | |
| 106 | @ar | |
| 200 | 1 | @a紫外辐射对金属大气腐蚀过程的影响机理@Azi wai fu she dui jin shu da qi fu shi guo cheng de ying xiang ji li@f陈卓元著 |
| 210 | @a北京@c科学出版社@d2017.3 | |
| 215 | @a12,219页@c图@d24cm | |
| 225 | 1 | @a中国腐蚀状况及控制战略研究丛书 |
| 300 | @a“十三五”国家重点出版物出版规划项目 | |
| 330 | @a本书主要围绕近年来作者所在研究组在紫外辐射对金属大气腐蚀影响领域的研究结果展开论述,结合腐蚀电化学、半导体理论、电化学/光电化学原理,就紫外辐射对大气腐蚀过程影响的机理做了系统的阐述,并提出了紫外辐射影响大气腐蚀过程的机理模型,为寻找防腐蚀方法和设计防腐蚀材料提供了实验数据和设计思路。 | |
| 410 | 0 | @12001 @a中国腐蚀状况及控制战略研究丛书 |
| 606 | 0 | @a紫外辐射@x影响@x大气腐蚀@x研究 |
| 690 | @aTG172.3@v5 | |
| 701 | 0 | @a陈卓元@Achen zhuo yuan@4著 |
| 801 | 0 | @aCN@b上海新华@c20171119 |
| 905 | @b1028698-702@dTG172.3@e77@f5 | |
| 紫外辐射对金属大气腐蚀过程的影响机理/陈卓元著.-北京:科学出版社,2017.3 |
| 12,219页:图;24cm.-(中国腐蚀状况及控制战略研究丛书) |
| “十三五”国家重点出版物出版规划项目 |
| ISBN 978-7-03-051998-6:CNY88.00 |
| 本书主要围绕近年来作者所在研究组在紫外辐射对金属大气腐蚀影响领域的研究结果展开论述,结合腐蚀电化学、半导体理论、电化学/光电化学原理,就紫外辐射对大气腐蚀过程影响的机理做了系统的阐述,并提出了紫外辐射影响大气腐蚀过程的机理模型,为寻找防腐蚀方法和设计防腐蚀材料提供了实验数据和设计思路。 |
| ● |
| 相关链接 |
|
|
|
|
正题名:紫外辐射对金属大气腐蚀过程的影响机理
索取号:TG172.3/77
 
预约/预借
| 序号 | 登录号 | 条形码 | 馆藏地/架位号 | 状态 | 备注 |
| 1 | 1028698 | 210286983 | 第二样本阅览室/ [索取号:TG172.3/77] | 在馆 | |
| 2 | 1028699 | 210286992 | 密集书库-物理学院/ [索取号:TG172.3/77] | 在馆 | |
| 3 | 1028700 | 210287009 | 第三借阅区/ [索取号:TG172.3/77] | 在馆 | |
| 4 | 1028701 | 210287018 | 第三借阅区/ [索取号:TG172.3/77] | 在馆 | |
| 5 | 1028702 | 210287027 | 第三借阅区/ [索取号:TG172.3/77] | 在馆 |